| 000 | 00546nam a2200169Ia 4500 | ||
|---|---|---|---|
| 008 | 100122s9999 xx 000 0 und d | ||
| 082 |
_b54815 _a150 |
||
| 100 | _aPERIS FREDERICK | ||
| 245 | _aGESTATT THERAPY - EXCITEMENT AND GROWTH IN THE HUMAN PERSONALITY | ||
| 260 |
_bSOUVENIR PRESS _c1996 |
||
| 300 | _a466 | ||
| 520 | _aPERSONALITY | ||
| 620 | _aPERSONALITY | ||
| 630 | _aGESTATT THERAPY - EXCITEMENT AND GROWTH IN THE HUMAN PERSONALITY | ||
| 730 | _aGESTATT THERAPY - EXCITEMENT AND GROWTH IN THE HUMAN PERSONALITY | ||
| 942 | _cBOOK | ||
| 999 |
_c376330 _d376327 |
||